| 000 | 00880cam a2200217 4500 | ||
|---|---|---|---|
| 001 | WB3642-20 | ||
| 008 | 000000n2000 000 0 eng u | ||
| 035 | _a(Sirsi) u108965 | ||
| 245 | _aHigh-tech utopia fails | ||
| 260 | _c2000 | ||
| 490 |
_aFinancial Times _v25 October 2000, 3(1) |
||
| 520 | _aAcorn televillages struggles to complete its utopian vision as financer Triodos Bank calls in the receivers on a project at Crickhowell. The high-technology televillage created to revolutionise the way residents live and work, is still waiting for the telecentre and fibre-optic network promised in the original plans. | ||
| 590 | _aWB | ||
| 650 | _aACORN TELEVILLAGES | ||
| 650 | _aTELEVILLAGES | ||
| 650 | _aWORKING FROM HOME | ||
| 650 | _aCOMPUTER NETWORKS | ||
| 650 | _aTELEWORKING | ||
| 690 | _aMANAGEMENT-BUSINESS MANAGEMENT-INFORMATION MANAGEMENT | ||
| 942 | _n0 | ||
| 999 |
_c65072 _d65072 |
||